Normal view
MARC view
Entry Personal Name
001 - CONTROL NUMBER
- control field: 26245
003 - CONTROL NUMBER IDENTIFIER
- control field:
005 - DATE AND TIME OF LATEST TRANSACTION
- control field: 20260202092244.0
008 - FIXED-LENGTH DATA ELEMENTS
- fixed length control field: 260202|| aca||aabn | a|a d
040 ## - CATALOGING SOURCE
- Original cataloging agency:
- Transcribing agency:
100 ## - HEADING--PERSONAL NAME
- Personal name: Webb, Paul,
- Dates associated with a name: 1923-
- Title of a work: NASA life sciences data book
670 ## - SOURCE DATA FOUND
- Source citation: Work cat.: ()13465: Parker, James F. (James Fletcher), 1925- 26242, Bioastronautics data book., c1973.